000 00399cam a2200157ua 4500
041 _aeng
_h
082 _a001.4
_bDEA/DE
100 _aDean, Angela .
245 _aDesign and analysis of experiments /
_cAngela Dean.
_hTextual Documents
260 _aNew York :
_bSpringer Verlag ,
_c2006.
300 _a740 ; .
504 _a
700 1 _aVoss, Daniel .
942 _cBK
999 _c13186
_d13186